Zdaňovanie príjmov zo športovej činnosti a sponzorského od 1.1.2016
Zákon č. 440/2015 Z.z. o športe nadobudol účinnosť 1.1.2016. Je veľmi rozsiahly, článkami II až XV novelizuje viaceré zákony. Hlavnými cieľmi jeho prijatia sú skvalitniť správu a riadenie športu a sprehľadniť financovanie športu zavedením registračných povinností subjektov pôsobiacich v športe v inf...
Saved in:
| Main Author: | |
|---|---|
| Format: | Book Chapter |
| Language: | Slovak |
| Subjects: | |
| Tags: |
No Tags, Be the first to tag this record!
|
MARC
| LEADER | 00000naa a2200000 4500 | ||
|---|---|---|---|
| 001 | 0214743 | ||
| 005 | 20231114112740.0 | ||
| 041 | 0 | |a slo | |
| 044 | |a SK | ||
| 245 | 1 | 0 | |a Zdaňovanie príjmov zo športovej činnosti a sponzorského od 1.1.2016 |c Jolana Strýčková |
| 520 | |a Zákon č. 440/2015 Z.z. o športe nadobudol účinnosť 1.1.2016. Je veľmi rozsiahly, článkami II až XV novelizuje viaceré zákony. Hlavnými cieľmi jeho prijatia sú skvalitniť správu a riadenie športu a sprehľadniť financovanie športu zavedením registračných povinností subjektov pôsobiacich v športe v informačnom systéme športu. V článku sa autorka zameriava na zmeny v zdaňovaní príjmov podľa článku XI zákona o športe. | ||
| 610 | 2 | 0 | |a šport |
| 610 | 2 | 0 | |a príjmy |
| 610 | 2 | 0 | |a sponzorovanie |
| 610 | 2 | 0 | |a zdaňovanie |
| 610 | 2 | 0 | |a úpravy právne |
| 100 | 1 | |a Strýčková, Jolana | |